Französische Handelskorrespondenz
Salvato in:
| Autore principale: | |
|---|---|
| Natura: | Libro |
| Lingua: | tedesco |
| Pubblicazione: |
Berlin
Verlag Die Wirtschaft
1961
|
| Tags: |
Nessun Tag, puoi essere il primo ad aggiungerne!!
|
MARC
| LEADER | 00000nam a2200000 4500 | ||
|---|---|---|---|
| 001 | c122920 | ||
| 005 | 20041019155226.7 | ||
| 041 | 0 | |a ger | |
| 044 | |a DE | ||
| 245 | 1 | 0 | |a Französische Handelskorrespondenz |c Pierre Louis Boyer |
| 264 | 1 | |a Berlin |b Verlag Die Wirtschaft |c 1961 | |
| 300 | |a 206 s. | ||
| 100 | 1 | |a Boyer, Pierre Louis | |